00879cam a22002057a 45000010005000000030009000050050017000140080041000310100007000720400038000790820022001171000021001392450134001602600072002943000041003665330180004076500043005877000023006307000020006535280BD-DhUAP20200225150546.0200224s1997 bg abf f000 0 eng  a  aBD-DhUAPcBD-DhUAPbEngdBD-DhUAP 223a930.15492 RAH1 aRahman, Habibur.10aExcavation report of Itakholamura, Mainamati, Comilla (1990-92) /cHabibur Rahman ; edited by Naziamuddin Ahmed and Mohammed Ali. aDhaka :bDept. of Archaeology, Ministry of Cultural Affairs,c1997. av,16 pages :billustration ;c25 cm. aMicrofiche.bNew Delhi :cLibrary of Congress Office ;bWashington, D.C. :cLibrary of Congress Photoduplication Service,d2002.e1 microfiche.nMaster microform held by: DLC. 0aExcavations (Archaeology)zBangladesh.1 aAhmed, Nazimuddin.1 aAli, Mohammed.